Journalism the evolving perspective (Record no. 2984)

000 -LEADER
fixed length control field 00415nam a22001337a 4500
020 ## - INTERNATIONAL STANDARD BOOK NUMBER
International Standard Book Number 9789380836263
082 ## - DEWEY DECIMAL CLASSIFICATION NUMBER
Classification number 070.4
100 ## - MAIN ENTRY--PERSONAL NAME
Personal name Rajiv Saxena
245 ## - TITLE STATEMENT
Title Journalism the evolving perspective
260 ## - PUBLICATION, DISTRIBUTION, ETC.
Place of publication, distribution, etc. New Delhi
Name of publisher, distributor, etc. Centrum press
Date of publication, distribution, etc. 2010.
300 ## - PHYSICAL DESCRIPTION
Extent 293p
942 ## - ADDED ENTRY ELEMENTS (KOHA)
Koha item type Book
Holdings
Withdrawn status Lost status Source of classification or shelving scheme Damaged status Not for loan Permanent Location Current Location Shelving location Date acquired Total Checkouts Full call number Barcode Date last seen Price effective from Koha item type
          Central Library (CL) Central Library (CL) First Floor - Journalism 03/31/2016   302.23 SAX S3H-S-736 03/31/2016 03/31/2016 Book
© 2023 Central Library, National University of Sciences and Technology. All Rights Reserved.